000 00809nam a22001937a 4500
005 20240501165038.0
010 _aHIN-127441
020 _a9789391881337
_c450.00
035 _aHN-99787
037 _bDBAD
082 _a
100 _aमल्लिकार्जुना, लता
_965417
245 _aबस पौ फटी है /
_cलता मल्लिकार्जुना
250 _aप्रथम
260 _aदिल्ली
_bअनंग प्रकाशन
_c2023
270 _aबी-107/1, गली मंदिर वाली समीप रबड़ फैक्ट्री उत्तरी घोंडा
_bदिल्ली
_e110053
300 _a208पृ.
_c22सेमी (सजिल्द)
942 _2ddc
_cHN
_h
_mमल्लिका
999 _c202515
_d202515